| 000 | 01379aam a2200313 i 4500 | ||
|---|---|---|---|
| 999 |
_c36283 _d36283 |
||
| 001 | 768714001 | ||
| 003 | CO-MdFUSB | ||
| 005 | 20190409094432.0 | ||
| 008 | 190409t2012 xxu||||| |||| 00| 0 spa d | ||
| 020 | _a9781848711693 | ||
| 040 |
_aCO-MdFUSB _bspa _cCO-MdFUSB _dCO-MdFUSBC _erda |
||
| 041 | 0 | _aspa | |
| 082 | 0 | 4 |
_a248.32 _223 _bB9429o |
| 100 | 1 |
_aBunyan, Juan (1628-1688) _eautor. |
|
| 245 | 1 | 0 |
_aLa oración _c/ John Bunyan y Thomas Goodwin ; traducido por Miguel Blanch. |
| 264 | 1 |
_aReino Unido _bEl Estandarte de la Verdad, _c[2012] |
|
| 264 | 4 |
_bPeregrino, _c©1967-2012 |
|
| 300 |
_a148 Páginas _c; 22 cm. |
||
| 336 |
_atexto _btxt _2rdacontent |
||
| 337 |
_2rdamedia _asin mediación _bn |
||
| 338 |
_2rdacarrier _avolumen _bnc |
||
| 505 |
_tLa oración _r/ John Buyan _aLo que es la oración -- Orar con el Espíritu. -- Orar con el Espíritu y con entendimiento. -- Aplicaciones. |
||
| 505 |
_tLa respuesta a la oración. _r/ Thomas Goodwin _gIntroducción _aUn deber del pueblo de Dios cuando ora -- Orar por la iglesia -- orar por los demás -- Orar conjuntamente con otros. -- Admoniciones generales -- Cómo observar las respuestas a la oración. -- La oración sin respuesta. -- Aplicación: exhortación y reprensión. |
||
| 505 | _aApéndice: Buyan y Goodwin | ||
| 563 | _aRústico | ||
| 650 | 7 |
_aOración _986 |
|
| 653 | _aBunyan, John | ||
| 942 | _cBK | ||